00560nam a2200193Ia 45000010005000000080041000050200018000460400013000640820019000771000022000962450055001182600045001733000011002185460007002296500012002369420007002489990015002559520096002703393140317s9999 xx 000 0 und d a0-335-19270-x cPK-LaUMT a 378.125bDIR- aBrew, Angela, Ed. aDirections in staff developmentcBrew, Angela, Ed. aBristol:bOxford University Press,c1995 a231 p. aEN aCollege cBK c3640d3640 00104070a01b01d2014-03-17l0o 378.125 DIR-p4256r2014-03-17 00:00:00w2014-03-17yBK